000 00639nam a2200193Ia 4500
005 20250508163112.0
008 008 250505s9999 xx 000 0 eng d
037 _aDissertations
040 _aFEDL
_beng
_cFEDL
041 _aeng
_2eng
084 _a370.7, GAI/DI
_qFEDL
100 _aGairola Seema
_9774736
245 0 _aStudy of democratic-authoritarian attitude of teachers towards education with respect to extraversion interoversion and some other variables
260 _c1985
300 _a40p.
546 _aM. Ed. Dissertation (Delhi University)
942 _cDIS
_h370.7, GAI/DI
999 _c1380836
_d1380836